000 00349pab a2200145 454500
008 180718b1988 xxu||||| |||| 00| 0 eng d
100 _aSkott, Peter
245 _aFinance, saving and accumulation
260 _c1988
300 _a339-54
362 _aSept.
650 _aFinance, Public
773 _aCambridge Journal of Economics
909 _a8942
999 _c8942
_d8942